Statistics for Top 25 Goalscorers for FC Barcelona

Click here to take the quiz!

General Stats

  • This quiz has been taken 82 times
  • The average score is 9 of 25

Answer Stats

NationNumber of GoalsPlayer% Correct
Argentina672Lionel Messi
99%
Uruguay195Luis Suarez
96%
Cameroon130Samuel Eto'o
91%
Brazil94Ronaldinho
89%
Brazil105Neymar
86%
Bulgaria117Hristo Stoichkov
70%
Brazil130Rivaldo
65%
Spain99Pedro
59%
Netherlands88Ronald Koeman
50%
Netherlands122Patrick Kluivert
43%
Czechoslovakia,
Hungary, Spain
193László Kubala
31%
Spain108Luis Enrique
24%
Germany89Bernd Schuster
23%
Spain94Jose Mari Bakero
14%
Spain226César Rodríguez
12%
Spain85Julio Salinas
9%
Spain122Carles Rexach
5%
Paraguay, Spain106Eulogio Martínez
3%
Spain129Mariano Martin
3%
Spain110Estanislao Basora
1%
Brazil105Evaristo
1%
Spain120Josep Escola
1%
Spain106José Zaldúa
1%
Spain101Juan Manuel Asensi
1%
Spain92Justo Tejada
1%

Score Distribution

Percentile by Number Answered

Percent of People with Each Score

Your Score History

You have not taken this quiz